=LDR 00000nam 2200000 4500 =001 INLIS000000000037372 =005 20130612143115 =008 ***********************************Eng** =035 ##$$0010-061300000037372 =041 ##$$a Eng =082 ##$$a 813 =090 ##$$a 813, Sur p =100 ##$$a Suryakusuma, Rina =245 ##$$a Postcard from Neverland, Rina Suryakusuma; Editor, Novera Kresnawati =260 ##$$a 2010 $b Jakarta =300 ##$$a 278 hlm., 18 cm =650 ##$$a Fiksi Indonesia =700 ##$$a Kresnawati, Novera =850 ##$$a NBPNMAT =990 ##$$a 91483/BPAP-NTB/2014 =990 ##$$a 0001/BPAP-NTB/20142014 =990 ##$$a 0001/BPAP-NTB/20142014 =990 ##$$a 0001/BPAP-NTB/20142014 =990 ##$$a 0001/BPAP-NTB/20142015